Questões atuais de direito privado / (Record no. 66)

MARC details
000 -LÍDER
Campo Fixo de Controle 00841cam a2200253 a 4500
001 - NÚMERO DE CONTROLE
Campo de Controle 66
003 - IDENTIFICAÇÃO DO NÚMERO DE CONTROLE
Campo de Controle BR-CuiBMT
005 - DATA E HORA DA ÚLTIMA ATUALIZAÇÃO
Campo de Controle 20231113224358.0
008 - DADOS FIXOS
Dados Fixos 230809s2022 mgb 000 0 por d
020 ## - INTERNATIONAL STANDARD BOOK NUMBER
Nº do ISBN 9786555183016
040 ## - AGÊNCIA CATALOGADORA
Código da Agência Catalogadora BR-CuiBMT
Agência que transcreveu o registro BR-CuiBMT
080 ## - Nº DA CLASSIFICAÇÃO DECIMAL UNIVERSAL
Nº edição CDU 2007
Nº Class. CDU 347.2
090 ## - NÚMERO DE CHAMADA
Nº classificação 347.2
Cutter Q5
245 00 - TÍTULO PRINCIPAL
Título principal Questões atuais de direito privado /
Indicação de responsabilidade Augusto Passamani Bufulin coordenador ; prefácio Fabio Caldas de Araújo ; [autores Caio de Sá Dal´Col ... et al.].
260 ## - PUBLICAÇÃO, DISTRIBUIÇÃO, ETC.
Local de publicação Belo Horizonte :
Editora Fórum,
Data 2022.
300 ## - DESCRIÇÃO FÍSICA
N. páginas ou volumes 255 p. ;
Dimensões 22 cm
504 ## - NOTA DE BIBLIOGRAFIA, ETC.
Nota de bibliografia Inclui bibliografia.
650 ## - ASSUNTO TÓPICO
Cabeçalho tópico ou nome geográfico Direito privado
Subdivisão geográfica Brasil
650 ## - ASSUNTO TÓPICO
Cabeçalho tópico ou nome geográfico Direito privado
Subdivisão geral Tecnologia
-- Internet
650 ## - ASSUNTO TÓPICO
Cabeçalho tópico ou nome geográfico Direito empresarial
700 1# - ENTRADA SECUNDÁRIA -- NOME PESSOAL
Nome pessoal Bufulin, Augusto Passamani
Cód. do termo explicativo coord.
700 1# - ENTRADA SECUNDÁRIA -- NOME PESSOAL
Nome pessoal Dal´Col, Caio de Sá
Termo de relação et al.
-- autores
942 ## - ELEMENTOS DE ENTRADA ADICIONAIS (KOHA)
Fonte de classificação ou esquema de arquivamento Classificação Decimal Universal
Tipo de item do Koha Livros
Holdings
Estado: removido Estado: perdido Fonte de classificação ou esquema de arquivamento Estado: danificado Indisponível para empréstimo Localização permanente Localização atual Data de aquisição Total Checkouts Número de Chamada completo Código de barras Date last seen Número do exemplar Preço efetivo a partir de Tipo de item (Koha)
    Classificação Decimal Universal     Biblioteca da Escola Superior de Contas do TCE/MT Biblioteca da Escola Superior de Contas do TCE/MT 28/06/2023   347.2 Q5 BIBTCEMT23080042 09/08/2023 Ex. 1 09/08/2023 Livros

Powered by Koha